Urban economics /

שמור ב:
מידע ביבליוגרפי
מחבר ראשי: O'Sullivan, Arthur.
פורמט: ספר
שפה:English
יצא לאור: Boston : Irwin/McGraw-Hill, 2000.
נושאים:
תגים: הוספת תג
אין תגיות, היה/י הראשונ/ה לתייג את הרשומה!
Thư viện lưu trữ: Mạng thư viện Đại học Đà Nẵng
LEADER 00793cam a2200325 i 4500
001 000045134
003 4261
005 20041029142434.0
008 010220b2000 vm 000 eng
020 |a 0071169741 
040 |a IRC  |c IRC  |d IRC 
041 0 |a eng 
082 1 4 |a 330.91732  |b OS-A 
100 1 |a O'Sullivan, Arthur. 
245 1 0 |a Urban economics /  |c Arthur O'Sullivan. 
260 |a Boston :  |b Irwin/McGraw-Hill,  |c 2000. 
300 |a xxvii, 740 p. :  |b ill., maps. 
630 0 4 |a Economics. 
630 0 4 |a Urban. 
650 0 4 |a Urban economics. 
OWN |a DUT 
999 |a From the UDN01 
TYP |a Monograph 
TYP |a Printed language 
980 |a Mạng thư viện Đại học Đà Nẵng